000 00308nam a2200121Ia 4500
005 20251222143130.0
008 251222s9999||||xx |||||||||||||| ||spa||
082 _a305.8/G16
100 _aGálvez Herrera, Ciro
245 0 _aEnsayos sobre la Teoría del Renacimiento Andino
264 _bRíos
942 _cLIB
999 _c11904
_d11904